Sélection de Tuiles - Sciences - Statistiques

Statistiques générales
  • Ce quiz a été pris 72 fois
    46 depuis la dernière actualisation
  • Le résultat moyen est 46 sur 72
Statistiques - réponses
Question Tuile Select % Correct
les couches de l'atmosphère terrestre Barysphère Non
100%
les couches de l'atmosphère terrestre Chromosphère Non
98%
les couches de l'atmosphère terrestre Photosphère Non
98%
les mammifères Araignée Non
95%
les couches de l'atmosphère terrestre Cryosphère Non
95%
les mammifères Éléphant Oui
93%
les couches de l'atmosphère terrestre Hydrosphère Non
93%
les mammifères Kakapo Non
93%
les mammifères Marmotte Oui
93%
les couches de l'atmosphère terrestre Stratosphère Oui
93%
les mammifères Vache Oui
93%
les mammifères Aigle Non
90%
les mammifères Anaconda Non
90%
les mammifères Squille Non
86%
les molécules Cacao Non
83%
les mammifères Hérisson Oui
83%
les noms d'étoiles Narkab Non
83%
les noms d'étoiles Anorith Non
81%
les molécules Dihydrogène Oui
81%
les molécules Dioxyde de carbone Oui
81%
les molécules Eau Oui
81%
les molécules Nickel Non
81%
les molécules Or Non
81%
les mammifères Requin Non
81%
les noms d'étoiles Talin Non
81%
les nombres premiers 9 Non
76%
les noms d'étoiles Sirius Oui
76%
les couches de l'atmosphère terrestre Troposphère Oui
76%
les nombres premiers 13 Oui
74%
les noms d'étoiles Amalthée Non
74%
les molécules Diamant Non
74%
les mammifères Hermine Oui
74%
les molécules Lait Non
74%
les nombres premiers 3 Oui
71%
les nombres premiers 39 Non
71%
les nombres premiers 657 Non
71%
les mammifères Wombat Oui
71%
les nombres premiers 169 Non
69%
les nombres premiers 5 Oui
69%
les nombres premiers 111 Non
64%
les molécules ADN Oui
64%
les couches de l'atmosphère terrestre Asthénosphère Non
64%
les noms d'étoiles Véga Oui
64%
les nombres premiers 2 Oui
62%
les nombres premiers 29 Oui
62%
les nombres premiers 203 Non
57%
les nombres premiers 91 Non
57%
les couches de l'atmosphère terrestre Lithosphère Non
55%
les couches de l'atmosphère terrestre Mésosphère Oui
55%
les molécules Aspirine Oui
52%
les noms d'étoiles Bételgeuse Oui
52%
les molécules Butane Oui
50%
les molécules Caféine Oui
50%
les noms d'étoiles Callisto Non
50%
les molécules Chlorophylle Oui
48%
les couches de l'atmosphère terrestre Exosphère Oui
48%
les nombres premiers 97 Oui
45%
les nombres premiers 61 Oui
40%
les molécules Héroïne Oui
40%
les molécules Polystyrène Oui
38%
les couches de l'atmosphère terrestre Thermosphère Oui
38%
les nombres premiers 1 Non
33%
les noms d'étoiles Arcturus Oui
33%
les nombres premiers 7187 Oui
31%
les molécules Nitrodifluorométhane Non
29%
les noms d'étoiles Centauri Non
26%
les noms d'étoiles Orion Non
26%
les noms d'étoiles Deneb Oui
14%
les noms d'étoiles Alnitak Oui
10%
les noms d'étoiles Mimosa Oui
5%
les noms d'étoiles Nashira Oui
5%
les noms d'étoiles Sadachbia Oui
5%
Aucun quiz correspondant
Distribution des résultats
% des personnes avec chaque résultat
Percentile par nombre de réponses
Votre historique - résultats
Vous n’avez pas pris ce quiz depuis la dernière actualisation